000 nam a22 4500
999 _c9107
_d9107
008 180411b ||||| |||| 00| 0 eng d
245 _aDoctors will play a critical role in the opioid epidemic.
260 _aPhilippines
_bThe Philippine Star
_cc2016
300 _apage 14.
650 0 _927268
_aMedicine.
942 _2ddc
_cPER